An analytical review of the Life of the Holy Prophet (peace be upon him) VOL-1 (Record no. 62409)

000 -LEADER
fixed length control field 00551nam a22001697a 4500
003 - CONTROL NUMBER IDENTIFIER
control field NUST - PNEC
005 - DATE AND TIME OF LATEST TRANSACTION
control field 20170116180747.0
008 - FIXED-LENGTH DATA ELEMENTS--GENERAL INFORMATION
fixed length control field 150219b xxu||||| |||| 00| 0 eng d
040 ## - CATALOGING SOURCE
Transcribing agency LIBRARY
082 ## - DEWEY DECIMAL CLASSIFICATION NUMBER
Classification number 297.63 SAE
100 ## - MAIN ENTRY--PERSONAL NAME
9 (RLIN) 1390
Personal name Saeed, Khalifa Mohammad
245 ## - TITLE STATEMENT
Title An analytical review of the Life of the Holy Prophet (peace be upon him) VOL-1
Statement of responsibility, etc. Khalifa Mohammad Saeed
260 ## - PUBLICATION, DISTRIBUTION, ETC.
Place of publication, distribution, etc. Sialkot :
Name of publisher, distributor, etc. Darul Tasneef Wal Nashar,
300 ## - PHYSICAL DESCRIPTION
Extent 519 p. :
Dimensions 22 cm.
650 ## - SUBJECT ADDED ENTRY--TOPICAL TERM
9 (RLIN) 1394
Topical term or geographic name entry element Prophet Mohammad (Peace be upon him), Islam
942 ## - ADDED ENTRY ELEMENTS (KOHA)
Source of classification or shelving scheme
Koha item type Book
Holdings
Withdrawn status Lost status Source of classification or shelving scheme Damaged status Not for loan Permanent Location Current Location Shelving location Date acquired Source of acquisition Total Checkouts Full call number Barcode Date last seen Price effective from Koha item type
          Pakistan Navy Engineering College (PNEC) Pakistan Navy Engineering College (PNEC)     Donated by Deputy Commandant   297.63 SAE PNECLIB-031090 02/19/2015   Book
© 2023 Central Library, National University of Sciences and Technology. All Rights Reserved.